LEADER 01542nam a2200325 a 4500 001 000000169957 003 CaOOAMICUS 005 20181016105106.0 008 181016s2018 it u000 u ita r 020 $a978-88-13-36800-5* 032 $aLibriCat 040 $aPUL$bita 082 04$a346.06 100 1 $aClementi, Francesco.$0(OLS)http://pul/name/86361 245 13$aLa libertà di associazione in prospettiva comparata :$bl'esperienza costituzionale europea /$cFrancesco Clementi. 260 $aPadova :$bCEDAM,$c2018$aMilanofiori Assago :$bWolters Kluwer 300 $aXIX, 253 p. ;$c24 cm. 490 1 $aCentro italiano per lo sviluppo e la ricerca CISR ;$v49 504 $aBibliografia in nota. 650 4$aAssociazioni$xDiritto e legislazione.$0(OLS)http://pul/subject/39664 830 0$aCentro italiano per lo sviluppo e la ricerca CISR ;$v49.$0(OLS)http://pul/title/163458 850 $aPUL 852 $aPUL$W1$xSL Diritto e Scienze Sociali 3$y79$m346. 06 CLEFR 1$j192865$qDDC 21$B198124$CPULBib$Z2$F198124 $H131373 $81 941 1 $a9 996 $6020$a978-88-13-36800-5*$9(OLS)http://pul/number/164928 996 $6082$a346.06$9(OLS)http://pul/classification/491 996 $6245$aLa libertà di associazione in prospettiva comparata :$bl'esperienza costituzionale europea$9(OLS)http://pul/title/210626 996 $6260$aPadova :$bCEDAM$9(OLS)http://pul/publisher/48126 996 $6260$aMilanofiori Assago :$bWolters Kluwer$9(OLS)http://pul/publisher/81463 LEADER 01582nam a2200337 u 4500 001 000000016326 003 CaOOAMICUS 005 20070226110000.0 008 940517s1993 it u000 u ita u 020 $a8834302877 035 $a10382629 040 $aPUL(R)$bita 041 1 $aita$hger 100 1 $aLotz, Johannes Baptist,$cS.I.,$d1903-1992.$0(OLS)http://pul/name/3590 240 10$aTranszendentale Erfahrung.$lItaliano.$0(OLS)http://pul/title/23307 245 12$aL'esperienza trascendentale /$cJohannes B. Lotz ; introduzione e traduzione di Massimo Marassi. 260 $aMilano :$bVita e pensiero,$c1993. 300 $alxxxvii, 362 p. ;$c22 cm 490 1 $aPubblicazioni del Centro di ricerche di metafisica.$aSezione di metafisica e storia della metafisica ;$v9 500 $aContiene indice. 504 $aComprende indicazioni bibliografiche. 650 4$aFilosofia e metafisica.$0(OLS)http://pul/subject/1905 700 1 $aMarassi, Massimo,$d1954-$0(OLS)http://pul/name/3588 830 0$aPubblicazioni del Centro di ricerche di metafisica.$pSezione di metafisica e storia della metafisica ;$v9.$0(OLS)http://pul/title/1629 850 $aPUL 852 $aPUL$W1$xSL Filosofia 2$y80$mPhil A9 9$j22998$n $b $qStampati altre collocazioni$B22998$CPULBib$Z2$F22998 $H $81 941 1 $a10 961 $aINV: 70696 996 $6020$a8834302877$9(OLS)http://pul/number/20894 996 $6245$aL'esperienza trascendentale$9(OLS)http://pul/title/23308 996 $6260$aMilano :$bVita e pensiero$9(OLS)http://pul/publisher/48016